000 02098nab a2200337 a 4500
005 20210223134000.0
008 991125s1985 mx 000 0 spa u
035 _aUPN01000235963
049 _aART-E
100 1 _aTintoré, Mireia
_6- mtintore@uic.es (1)
100 1 _aCantón Mayo, Isabel
_928647
100 1 _aQuiroga, Marta
100 1 _aParés, Isabel
222 0 _aEDMETIC (REVISTA DE EDUCACION MEDIATICA Y TIC)
245 0 0 _aLiderazgo y e-liderazgo en las historias de vida de líderes educativos a través del mundo
260 _aEspaña
300 _a17-36
362 0 _a2019 Vol. 8, no. 2
520 3 _aEl liderazgo en los centros educativos ha de tener cada vez más en cuenta el papel de las nuevas tecnologías de la información y la comunicación, como medio para mejorar las organizaciones. En consecuencia, el objetivo de la presente investigación es analizar las historias de vida de 5 líderes educativos en 5 contextos diferentes: España, Guatemala, Chile, Kazajistán y Estados Unidos; y describir cómo las nuevas tecnologías se engarzan con sus prácticas de liderazgo. La metodología es cualitativa usando como instrumento entrevistas semiestructuradas recogidas entre 2012 y 2018 en los distintos entornos. Se ofrecen ejemplos de líderes, sus prácticas de liderazgo y, particularmente, el papel de los medios tecnológicos en su gestión del cambio. Los resultados revelan prácticas directivas similares y ajustadas a lo descrito previamente por la literatura académica, y muestran asimismo cómo liderazgo y tecnología se afectan mutuamente
653 0 _aLIDERAZGO EDUCATIVO
653 0 _aLIDERAZGO VIRTUAL
653 0 _aDIRECTORES
653 0 _aHISTORIAS DE VIDA
856 4 _uhttps://helvia.uco.es/xmlui/bitstream/handle/10396/19091/edmetic_08_02_04.pdf?sequence=1&isAllowed=y
856 4 _uhttps://orcid.org/0000-0002-4993-3691
_zVisualizar produccion del autor (1)
905 _aArticulo
336 _atexto$2rdacontent
337 _acomputadora$2rdamedia
338 _arecurso en linea$2rdacarrier
999 _c208058
_d208058